| 000 | 00668cam a2200217Ka 4500 | ||
|---|---|---|---|
| 020 | _a9789251060032 | ||
| 020 | _a9251060037 | ||
| 022 | _a16848241 | ||
| 040 | _cTULAW | ||
| 082 | _aFAO RAP 2008 C136 Or. | ||
| 245 | 0 | 0 |
_aRapid Agricultural Disaster Assessment Routine (RADAR) : _bAndrea Borgia ... [et al.] |
| 246 | 3 | _aRADAR | |
| 300 |
_ax, 77 pages : _billustrations, maps (some color) ; _c25 cm |
||
| 650 | 0 | _aAgricultural productivity | |
| 650 | 0 | _aEmergency management. | |
| 650 | 0 | _aDisaster relief. | |
| 650 | 0 | _aNatural disasters. | |
| 700 | 1 | _aBorgia, Andrea. | |
| 710 | 2 | _aFood and Agriculture Organization of the United Nations. | |
| 942 | _cAEDBB | ||
| 999 |
_c21086 _d21086 |
||